Sheʼelot u-teshuvot. (Record no. 32412)
[ view plain ]
| 000 -LEADER | |
|---|---|
| fixed length control field | 00677cam a22002171 4500 |
| 001 - CONTROL NUMBER | |
| control field | he 67001070 |
| 003 - CONTROL NUMBER IDENTIFIER | |
| control field | DLC |
| 005 - DATE AND TIME OF LATEST TRANSACTION | |
| control field | 20260227111447.0 |
| 008 - FIXED-LENGTH DATA ELEMENTS--GENERAL INFORMATION | |
| fixed length control field | 840406s1797 gr 000 0 heb |
| 010 ## - LIBRARY OF CONGRESS CONTROL NUMBER | |
| LC control number | he 67001070 |
| 035 ## - SYSTEM CONTROL NUMBER | |
| System control number | (OCoLC)19144268 |
| 040 ## - CATALOGING SOURCE | |
| Original cataloging agency | DLC |
| Transcribing agency | MH |
| Modifying agency | DLC |
| 042 ## - AUTHENTICATION CODE | |
| Authentication code | premarc |
| 050 00 - LIBRARY OF CONGRESS CALL NUMBER | |
| Classification number | BM522.61 |
| Item number | .E29 |
| 100 1# - MAIN ENTRY--PERSONAL NAME | |
| Personal name | Medina, Shmuel de, |
| Dates associated with a name | 1506-1589. |
| 245 10 - TITLE STATEMENT | |
| Title | Sheʼelot u-teshuvot. |
| 260 ## - PUBLICATION, DISTRIBUTION, ETC. | |
| Place of publication, distribution, etc. | Salonika : |
| Name of publisher, distributor, etc. | Nidpas be-vet Shabtai Neḥamah, bi-defus beno Ḥayim Avraham ben Shabtai ṿa-ḥavero ʻAdi ben Yaʼudah ha-Levi Ashkenasi, |
| Date of publication, distribution, etc. | [1797-1798] |
| 300 ## - PHYSICAL DESCRIPTION | |
| Extent | v. ; |
| Dimensions | 30 cm. |
| 650 #0 - SUBJECT ADDED ENTRY--TOPICAL TERM | |
| Topical term or geographic name entry element | Responsa |
| Chronological subdivision | 1040-1600. |
| 752 ## - ADDED ENTRY--HIERARCHICAL PLACE NAME | |
| Country or larger entity | Greece |
| City | Salonika |
No items available.